Antennas from theory to practice
| Main Authors: | , |
|---|---|
| Format: | Section = Libro |
| Language: | Undetermined Spanish |
| Published: |
Singapur
Wiley
2008
|
| Subjects: |
| LEADER | 00607nam a2200229Ia 4500 | ||
|---|---|---|---|
| 008 | 240829s9999 xx 000 0 und d | ||
| 020 | |a 978-0-470-51028 | ||
| 040 | |a BIBLIOTECA-RUSB/ 621.3824 H874 | ||
| 041 | |a spa | ||
| 082 | |a 621.3824 H874 | ||
| 100 | 1 | |a Hung, Yi | |
| 100 | 1 | |b Boyle, Kevin | |
| 245 | 1 | 0 | |a Antennas from theory to practice |
| 260 | |a Singapur |b Wiley |c 2008 | ||
| 300 | |a 363 p. :il. | ||
| 650 | 7 | |a ANTENAS - ELECTRÓNICA | |
| 650 | 7 | |b ANTENAS - LÍNEAS DE TRANSMISIÓN | |
| 650 | 7 | |c ONDAS DE RADIO | |
| 650 | 7 | |d MEDIDAS DE ANTENAS | |
| 942 | |c BK |2 ddc | ||
| 991 | |a TEXTO | ||
| 999 | |c 3506 | ||